Selma Bouvier's Husbands Quiz Stats

 Plays Quiz Updated Dec 17, 2017

Challenge
Share
Tweet
Embed
Score 0/6 Timer 02:00
1 Play Today
Husband % Correct
Sideshow Bob
87.1%
Troy McClure
84.2%
Lionel Hutz
39.9%
Abraham Simpson
39.3%
Disco Stu
36.1%
Marion Anthony D'Amico
28.4%

You're not logged in!

Compare scores with friends on all Sporcle quizzes.
OR
Log In

You Might Also Like...

Show Comments

Extras

Top Quizzes Today


Score Distribution

Your Account Isn't Verified!

In order to create a playlist on Sporcle, you need to verify the email address you used during registration. Go to your Sporcle Settings to finish the process.

Report this User

Report this user for behavior that violates our Community Guidelines.

Details: